Вторые Всероссийские исторические чтения (Запись № 10075202)

Подробности
000 -МАРКЕР
контрольное поле 01751nam1a2200301 i 4500
001 - ИДЕНТИФИКАТОР ЗАПИСИ
контрольное поле RU\NLR\BIBL_A\010782563
005 - ИДЕНТИФИКАТОР ВЕРСИИ
контрольное поле 20241115070310.0
035 ## - ДРУГИЕ СИСТЕМНЫЕ НОМЕРА
Идентификатор записи (NLR Aleph) 010782563
100 ## - ДАННЫЕ ОБЩЕЙ ОБРАБОТКИ
Данные общей обработки 20150527g20159999k y0rusy50 ca
101 0# - ЯЗЫК РЕСУРСА
Язык текста, звукозаписи и т.д. русский
102 ## - СТРАНА ПУБЛИКАЦИИ ИЛИ ПРОИЗВОДСТВА
Страна публикации Российская Федерация
105 ## - ПОЛЕ КОДИРОВАННЫХ ДАННЫХ: ТЕКСТОВЫЕ МАТЕРИАЛЫ, МОНОГРАФИЧЕСКИЕ
Кодированные данные о монографическом текстовом документе z
200 1# - ЗАГЛАВИЕ И СВЕДЕНИЯ ОБ ОТВЕТСТВЕННОСТИ
Основное заглавие Вторые Всероссийские исторические чтения
Сведения, относящиеся к заглавию сборник научных докладов и сообщений, г. Волгоград, 7 ноября 2014 г.
-- [в 2 ч.]
Первые сведения об ответственности под ред. проф. Д.В. Полежаева
210 ## - ПУБЛИКАЦИЯ, РАСПРОСТРАНЕНИЕ И ДР.
Место издания, распространения и т.д. Москва
Имя издателя, распространителя и т. д. Планета
Дата издания, распространения и т.д. 2015
215 ## - ФИЗИЧЕСКАЯ ХАРАКТЕРИСТИКА
Размеры 20
300 ## - ОБЩИЕ ПРИМЕЧАНИЯ
Текст примечания В надзаг.: М-во образования и науки Рос. Федерации, М-во образования и науки Волгогр. обл., Волгогр. гос. акад. последиплом. образования, Каф. обществ. наук, Ассоц. учителей истории и обществознания, Волгогр. регион. отд-ние
606 ## - НАИМЕНОВАНИЕ ТЕМЫ КАК ПРЕДМЕТ
Наименование темы Сталинградская битва
Формальный подзаголовок Съезды, совещания и т.п
Хронологический подзаголовок 1942 - 1943
Системный номер авторитетной/нормативной записи 2085735
Идентификатор авторитетной/нормативной записи RU\NLR\AUTH\661261857
606 1# - НАИМЕНОВАНИЕ ТЕМЫ КАК ПРЕДМЕТ
Наименование темы Сталинградская битва
Формальный подзаголовок Съезды, совещания и т.п
Тематический подзаголовок Изучение в школе
Хронологический подзаголовок 1942 - 1943
Системный номер авторитетной/нормативной записи 2458874
Идентификатор авторитетной/нормативной записи RU\NLR\AUTH\661461277
686 1# - ИНДЕКСЫ ДРУГИХ КЛАССИФИКАЦИЙ
Индекс Ц35(2)722.311я431
686 1# - ИНДЕКСЫ ДРУГИХ КЛАССИФИКАЦИЙ
Индекс Т3(2)722.112.2я431
686 1# - ИНДЕКСЫ ДРУГИХ КЛАССИФИКАЦИЙ
Индекс Ч426.32я431
710 12 - НАИМЕНОВАНИЕ ОРГАНИЗАЦИИ - ПЕРВИЧНАЯ ОТВЕТСТВЕННОСТЬ
Начальный элемент ввода Всероссийские исторические чтения
Порядковый номер временной организации и / или порядковый номер ее части 2
Место проведения временной организации Волгоград
Дата проведения временной организации 2014
Системный номер авторитетной/нормативной записи 469538
Идентификатор авторитетной/нормативной записи RU\NLR\AUTH\880401314
852 ## - МЕСТОНАХОЖДЕНИЕ И ШИФР ХРАНЕНИЯ
Идентификатор организации NLR
Шифр хранения (Call Number) 2015-3/17022
942 ## - ДОПОЛНИТЕЛЬНЫЕ ЭЛЕМЕНТЫ ЗАПИСИ (АБИС)
Тип экземпляра АБИС Книга
980 ## - КОЛЛЕКЦИЯ
Название коллекции НБР

Нет доступных экземпляров.